| 000 | 00000nam##2200000za#4500 |
| 001 | 9.614976 |
| 003 | CaOODSP |
| 005 | 20210929082757 |
| 007 | ta |
| 008 | 150406|1999||||xxc||||| f|0| 0 eng|d |
| 020 | |a0-662-28280-9 |
| 022 | |a1209-6571 |
| 040 | |aCaOODSP|beng |
| 043 | |an-cn--- |
| 086 | 1 |aFo29-47/14-1999E |
| 110 | 1 |aCanada. |bNatural Resources Canada. |bCanadian Forest Service. |
| 245 | 10|aSortyard fines - from forest waste to resource?|cby C. M. Preston and P. Forrester |
| 260 | |aVictoria - British Columbia : |bNatural Resources Canada. |c1999. |
| 300 | |a4p. : |breferences, tables ; |c28 cm. |
| 490 | 1 |aTechnology transfer note|x1209-6571|v14 |
| 563 | |aPamphlet |
| 590 | |a01-28|b2001-07-13 |
| 690 | 07|aWood|2gcpds |
| 690 | 07|aWoodworking industry|2gcpds |
| 690 | 07|aSoil|2gcpds |
| 720 | 1 |aPreston, C.M. |
| 720 | 1 |aForrester, P. |
| 720 | 1 |aForrester, P. |
| 720 | 1 |aPreston, C. M. |
| 776 | 0#|tSortyard fines : |w(CaOODSP)9.572366 |
| 830 | #0|aTechnology transfer note,|x1209-6571|v14|w(CaOODSP)9.514646 |